Memoria /

Guardat en:
Dades bibliogràfiques
Autor principal: Hernández R, Oscar E.
Altres autors: ed.
Format: Text
Publicat: San José: UCR
Matèries:
Etiquetes: Afegir etiqueta
Sense etiquetes, Sigues el primer a etiquetar aquest registre!

MARC

LEADER 00000 a a2200000 04500
001 29111
003
040
090 |a 190706  
100 |a Hernández R, Oscar E.  
245 |a Memoria /  |c Oscar E. Hernández R.  
260 |a San José:   |b UCR  
300 |a 182 p.  
650 |a MIGRACION INTERNACIONAL  
650 |a MODELOS DEMOGRAFICOS  
700 |a ed.  
999 |c 17626  |d 17626